ORTHODONTICS : THE ART AND SCIENCES (Record no. 4145)

MARC details
000 -LEADER
fixed length control field 00359nam a2200145Ia 4500
008 - FIXED-LENGTH DATA ELEMENTS--GENERAL INFORMATION
fixed length control field 150201s2009 xx 000 0 und d
082 ## - DEWEY DECIMAL CLASSIFICATION NUMBER
Classification number 617.643
Item number O2009B
100 ## - MAIN ENTRY--PERSONAL NAME
Personal name BHALAJI
245 ## - TITLE STATEMENT
Title ORTHODONTICS : THE ART AND SCIENCES
250 ## - EDITION STATEMENT
Edition statement 4TH
260 ## - PUBLICATION, DISTRIBUTION, ETC. (IMPRINT)
Name of publisher, distributor, etc. ARYA PUBLICATION
Place of publication, distribution, etc. DELHI
Date of publication, distribution, etc. 2009
300 ## - PHYSICAL DESCRIPTION
Extent 1-550
650 ## - SUBJECT ADDED ENTRY--TOPICAL TERM
Topical term or geographic name as entry element ORTHODONTICS
942 ## - ADDED ENTRY ELEMENTS (KOHA)
Source of classification or shelving scheme Dewey Decimal Classification
Koha item type Books
Koha issues (borrowed), all copies 33
Holdings
Withdrawn status Lost status Source of classification or shelving scheme Damaged status Not for loan Home library Current library Date acquired Source of acquisition Cost, normal purchase price Serial Enumeration / chronology SGTU Bill Number Total Checkouts Full call number Barcode Date last seen Date last checked out Bill Date Koha item type
    Dewey Decimal Classification     SGT Dental Library SGT Dental Library 25/11/2008 U.B.S.DELHI 695.00 1 SGTU 683 9 617.643 O2009B FD5599 25/05/2026 30/04/2026 12/02/2013 Books
    Dewey Decimal Classification     SGT Dental Library SGT Dental Library 25/11/2008 U.B.S.DELHI 695.00 1 SGTU 683 43 617.643 O2009B FD5600 30/07/2025 30/07/2025 12/02/2013 Books